000 00999nam a22002177a 4500
005 20241114133428.0
008 s2554 th ||||| |||| 00| 0 tha d
020 _a9786162040795
050 _aQA76.9.D3.A23 น418ค 2554
100 0 _aนันทนี แขวงโสภา
245 1 0 _aคู่มือ Access 2010 ฉบับสมบูรณ์
260 3 _aกรุงเทพฯ :
_bโปรวิชั่น,
_c2554
300 _a575 หน้า :
_b ภาพประกอบ ;
_c 22 ซม.
650 0 4 _aการจัดการฐานข้อมูล -- โปรแกรมคอมพิวเตอร์
650 0 4 _aไมโครซอฟต์ แอ็กเซส 2010 (โปรแกรมคอมพิวเตอร์)
850 _aNALT
942 _cGB
_01
997 _a40045
997 _c000000000064668
998 _aนางสุกัญญา กัลยา
_j111
_k นางสาวพจพิณ พรมเอี่ยม
999 _c64668
_d64668